Teoría y estructura del sindicalismo

Saved in:
Bibliografiske detaljer
Hovedforfatter: Galenson, Walter (Author)
Andre forfattere: Lipset, Seymour Martin (autor)
Format: Bog
Sprog:spansk
Udgivet: Buenos Aires Marymar 1969
Fag:
Tags: Tilføj Tag
Ingen Tags, Vær først til at tagge denne postø!

MARC

LEADER 00000nam a2200000 a 4500
001 UCT6062
003 CL-VaPUC
008 961230e19690000AG |||||||||||||||||spa|d
082 0 4 |a 331.88  |b GAL  |2 21 
100 |a Galenson, Walter  |e author  |9 379495 
700 |a Lipset, Seymour Martin  |e autor  |9 451988 
245 1 0 |a Teoría y estructura del sindicalismo 
300 |a 691 p 
942 |c BK 
945 |d 19961230 00:00:00  |a rleighto 
260 |a Buenos Aires  |b Marymar  |c 1969 
650 0 |a Sindicatos  |9 255034 
650 7 |a POLITICA SALARIAL  |2 CL-VaPUC  |9 347107 
650 7 |a MERCADOS LABORALES  |2 CL-VaPUC  |9 375807 
650 0 |a Movimiento obrero   |9 322899 
650 0 |a Salarios  |9 255321 
650 0 |a Inflación   |9 257218 
650 0 |a Democracia  |9 255256 
650 0 |a Burocracia  |9 255511 
650 0 |a Vida política  |9 337438 
583 |a last modification  |c 19961230 00:00:00  |k Rodrigo Vera 
999 |c 254795  |d 254793 
952 |0 0  |1 0  |4 0  |6 331_880000000000000_GAL_1969  |7 0  |8 A  |9 276679  |a BIBENE  |b BIBENE  |d 2019-11-19  |i 3265242  |o 331.88 GAL 1969  |p 3265242  |r 2025-01-15  |w 2019-11-19  |y BK  |k ICO